000 00496nam a2200217 454500
001 023367
003 BD-ChCU
008 Eng
020 _ax
040 _aDLC
_cDLC
_dBD-ChCU
082 0 0 _a574.03/ABD
100 1 _aAbercrombie, M.
_bx
245 1 0 _aA dictionary of biology
_bx
250 _ax
260 _aMiddlesex
_bPenguin bks
_c1964
300 _a254
504 _ax
650 0 _aBiology - Dictonaries
_bBiology - Dictonaries
700 1 _aHicknan, C.J.
942 _2ddc
_cBK
999 _c23367
_d23367